Esclava del Sacramento y de la Caridad (Record no. 60114)
[ view plain ]
| 000 -LEADER | |
|---|---|
| campo de control de longitud fija | 00591nam a2200169 i 4500 |
| 001 - NÚMERO DE CONTROL | |
| campo de control | 60114 |
| 003 - IDENTIFICADOR DE NÚMERO DE CONTROL | |
| campo de control | ES-MaACL |
| 005 - FECHA Y HORA DE LA ÚLTIMA TRANSACCIÓN | |
| campo de control | 20250811144052.0 |
| 007 - CAMPO FIJO DE DESCRIPCIÓN FÍSICA--INFORMACIÓN GENERAL | |
| campo de control de longitud fija | t| |
| 008 - DATOS DE LONGITUD FIJA--INFORMACIÓN GENERAL | |
| campo de control de longitud fija | 031103s1966 sp ||||1| spa d |
| 245 00 - MENCIÓN DEL TÍTULO | |
| Título | Esclava del Sacramento y de la Caridad |
| Resto del título | : Santa Mª Micaela del Santísimo Sacramento / |
| Mención de responsabilidad, etc. | A.M. Larraona ... [et al.]. |
| 260 ## - PUBLICACIÓN, DISTRIBUCIÓN, ETC. | |
| Lugar de publicación, distribución, etc. | Madrid : |
| Nombre del editor, distribuidor, etc. | [s.n., |
| Fecha de publicación, distribución, etc. | 1966] ( |
| Fabricante | Escuelas Profesionales Sagrado Corazón) |
| 300 ## - DESCRIPCIÓN FÍSICA | |
| Extensión | 285 p., 1 lám. ; |
| Dimensiones | 23 cm. |
| 700 1# - ENTRADA AGREGADA--NOMBRE PERSONAL | |
| Nombre de persona | Larraona, Arcadio María, |
| Títulos y otros términos asociados al nombre | Cardenal |
| 9 (RLIN) | 70318 |
| 852 ## - LOCALIZACIÓN | |
| Ubicación | ES-MaACL |
| Número de control de estantería | C-30471 |
| Sublocalización o colección | R.60961 |
| Estatus retirado | Estado de pérdida | Estado de daño | No para préstamo | Biblioteca de origen | Biblioteca actual | Ubicación en estantería | Fecha de adquisición | Fuente de adquisición | Total de préstamos | Signatura topográfica completa | Código de barras | Visto por última vez | Precio de reemplazo | Tipo de ítem Koha |
|---|---|---|---|---|---|---|---|---|---|---|---|---|---|---|
| Biblioteca del Ateneo de Madrid | Biblioteca del Ateneo de Madrid | Depósito 2 | 17/01/2008 | C-30471 | 1063049 | 23/02/2023 | 23/02/2023 | Libro impreso |
